Тюркские народы Сибири (Запись № 906587)

Подробности
000 -МАРКЕР
контрольное поле 02429nam0a2200433 4500
001 - ИДЕНТИФИКАТОР ЗАПИСИ
контрольное поле RU\NLR\bibl\1068429
005 - ИДЕНТИФИКАТОР ВЕРСИИ
контрольное поле 20260407082747.0
010 ## - МЕЖДУНАРОДНЫЙ СТАНДАРТНЫЙ НОМЕР КНИГИ (ISBN)
Номер (ISBN) 5-02-033999-7
Тираж 1000
021 ## - НОМЕР ГОСУДАРСТВЕННОЙ РЕГИСТРАЦИИ
Код страны Российская Федерация
Номер 2007-8939
Номер Листа государственной регистраци 474
035 ## - ДРУГИЕ СИСТЕМНЫЕ НОМЕРА
Идентификатор записи (nilc)RSL-KNO-003044425
035 ## - ДРУГИЕ СИСТЕМНЫЕ НОМЕРА
Идентификатор записи (NLR Aleph) 001055674
100 ## - ДАННЫЕ ОБЩЕЙ ОБРАБОТКИ
Данные общей обработки 20070301d2006 |||y0rusy50 ca
101 0# - ЯЗЫК РЕСУРСА
Язык текста, звукозаписи и т.д. русский
102 ## - СТРАНА ПУБЛИКАЦИИ ИЛИ ПРОИЗВОДСТВА
Страна публикации Российская Федерация
105 ## - ПОЛЕ КОДИРОВАННЫХ ДАННЫХ: ТЕКСТОВЫЕ МАТЕРИАЛЫ, МОНОГРАФИЧЕСКИЕ
Кодированные данные о монографическом текстовом документе a |||||||||
200 1# - ЗАГЛАВИЕ И СВЕДЕНИЯ ОБ ОТВЕТСТВЕННОСТИ
Основное заглавие Тюркские народы Сибири
Первые сведения об ответственности [Ф.Т-А. Валеев, Н.А. Томилов, Э.Л. Львова и др.]
Последующие сведения об ответственности отв. ред.: Д. А. Функ, Н. А. Томилов
-- Российская акад. наук, Ин-т этнологии и антропологии им. Н. Н. Миклухо-Маклая, Омский фил. Ин-та археологии и этнографии Сибирского отд-ния
210 ## - ПУБЛИКАЦИЯ, РАСПРОСТРАНЕНИЕ И ДР.
Место издания, распространения и т.д. Москва
Имя издателя, распространителя и т. д. Наука
Дата издания, распространения и т.д. 2006
215 ## - ФИЗИЧЕСКАЯ ХАРАКТЕРИСТИКА
Специфическое обозначение материала и объем 677, [1] с., [16] л. цв. ил.
Другие сведения о физической характеристике ил., карты, портр.
Размеры 24
225 1# - СЕРИЯ
Основное заглавие серии Серия "Народы и культуры"
Сведения об ответственности отв. ред.: В.А. Тишков, С.В. Чешко
300 ## - ОБЩИЕ ПРИМЕЧАНИЯ
Текст примечания Авт. указаны на с. 6
320 ## - ПРИМЕЧАНИЯ О НАЛИЧИИ В ДОКУМЕНТЕ БИБЛИОГРАФИИ / УКАЗАТЕЛЯ
Текст примечания Библиогр.: с. 631-671
606 1# - НАИМЕНОВАНИЕ ТЕМЫ КАК ПРЕДМЕТ
Наименование темы Тюрки
Тематический подзаголовок Историко-этнографические исследования
Географический подзаголовок Сибирь
Системный номер авторитетной/нормативной записи 2473976
Идентификатор авторитетной/нормативной записи RU\NLR\AUTH\661469105
610 0# - НЕКОНТРОЛИРУЕМЫЕ ПРЕДМЕТНЫЕ ТЕРМИНЫ
Предметный термин История. Исторические науки -- Этнография -- Народы Сибири и Дальнего Востока
610 0# - НЕКОНТРОЛИРУЕМЫЕ ПРЕДМЕТНЫЕ ТЕРМИНЫ
Предметный термин тюркоязычные народы
686 ## - ИНДЕКСЫ ДРУГИХ КЛАССИФИКАЦИЙ
Индекс Т52(251)
686 ## - ИНДЕКСЫ ДРУГИХ КЛАССИФИКАЦИЙ
Индекс Т3(2Р5)
701 #1 - ИМЯ ЛИЦА - АЛЬТЕРНАТИВНАЯ ОТВЕТСТВЕННОСТЬ
Начальный элемент ввода Валеев
Часть имени, кроме начального элемента ввода Ф. Т.-А.
Расширение инициалов личного имени Фоат Тач-Ахметович
Код отношения Автор
701 #1 - ИМЯ ЛИЦА - АЛЬТЕРНАТИВНАЯ ОТВЕТСТВЕННОСТЬ
Код отношения Автор
Графика поля Кириллица
Материалы, к которым относится поле rus
Начальный элемент ввода Томилов
Часть имени, кроме начального элемента ввода Н. А.
Даты 1941-
Расширение инициалов личного имени Николай Аркадьевич
Системный номер авторитетной/нормативной записи 113910
Идентификатор авторитетной/нормативной записи RU\NLR\auth\773921
701 #1 - ИМЯ ЛИЦА - АЛЬТЕРНАТИВНАЯ ОТВЕТСТВЕННОСТЬ
Начальный элемент ввода Львова
Часть имени, кроме начального элемента ввода Э. Л.
Расширение инициалов личного имени Элеонора Львовна
Код отношения Автор
702 #1 - ИМЯ ЛИЦА - ВТОРИЧНАЯ ОТВЕТСТВЕННОСТЬ
Код отношения Редактор
Графика поля Кириллица
Материалы, к которым относится поле rus
Начальный элемент ввода Функ
Часть имени, кроме начального элемента ввода Д. А.
Даты 1962-
Расширение инициалов личного имени Дмитрий Анатольевич
Системный номер авторитетной/нормативной записи 253171
Идентификатор авторитетной/нормативной записи RU\NLR\AUTH\770253227
712 02 - НАИМЕНОВАНИЕ ОРГАНИЗАЦИИ - ВТОРИЧНАЯ ОТВЕТСТВЕННОСТЬ
Код отношения Прочие
Начальный элемент ввода Институт этнологии и антропологии им. Н. Н. Миклухо-Маклая
Идентифицирующий признак Москва
Системный номер авторитетной/нормативной записи 290397
Идентификатор авторитетной/нормативной записи RU\NLR\AUTH\888945
801 #0 - ИСТОЧНИК ЗАПИСИ
Страна Российская Федерация
Организация РКП
Дата составления 20070301
Правила каталогизации rcr
801 #1 - ИСТОЧНИК ЗАПИСИ
Страна Российская Федерация
Организация РГБ
Дата составления 20070301
801 #2 - ИСТОЧНИК ЗАПИСИ
Страна Российская Федерация
Организация NLR
Дата составления 20070404
Правила каталогизации rcr
942 ## - ДОПОЛНИТЕЛЬНЫЕ ЭЛЕМЕНТЫ ЗАПИСИ (АБИС)
Тип экземпляра АБИС Книга
980 ## - КОЛЛЕКЦИЯ
Название коллекции Национальная библиография
Экземпляры
Тип экземпляра Дата поступления Источник поступления Библиотека постоянного хранения Библиотека текущего хранения Место хранения Шифр хранения Штрих-код Статус экземпляра Стоимость
Книга 04.04.2007 Обязательный экземпляр РНБ (Московский) РНБ (Московский) Русский книжный фонд: издания с 1957 года 2007-7/2013 1-411203    
Книга 04.04.2007 Обязательный экземпляр РНБ (Московский) РНБ (Московский) Русский книжный фонд: издания с 1957 года 2007-7/2013 2402980    
Книга 24.05.2007 Покупка РНБ (Садовая) РНБ (Садовая) Универсальный читальный зал У Т52(2)/Т-985 1-120135   470.00